smartLIFE affordable housing project launched in Fenland (Record no. 105815)

MARC details
000 -LEADER
fixed length control field 01491cab a2200241 4500
001 - CONTROL NUMBER
control field ##E134841
008 - FIXED-LENGTH DATA ELEMENTS--GENERAL INFORMATION
fixed length control field 060614n2006 000 0 eng u
035 ## - SYSTEM CONTROL NUMBER
System control number (Sirsi) u134841
041 0# - LANGUAGE CODE
Language code of text/sound track or separate title eng
110 2# - MAIN ENTRY--CORPORATE NAME
Corporate name or jurisdiction name as entry element Building Research Establishment
245 00 - TITLE STATEMENT
Title smartLIFE affordable housing project launched in Fenland
260 ## - PUBLICATION, DISTRIBUTION, ETC.
Date of publication, distribution, etc. 2006
490 #0 - SERIES STATEMENT
Series statement BRE News Release
Volume/sequential designation 4 September 2006
520 ## - SUMMARY, ETC.
Summary, etc. Construction on a pioneering housing project in Fenland began on 4 September 2006. The construction will emphasise sustainability and environmental performance as well as comfortable community living. The project has been developed to demonstrate how modern methods of construction can be used to alleviate housing shortages in growth areas. Every step of the construction process will be assessed, such as build speed, build quality, the sustainability of the construction process and the post-occupancy performance of the resulting houses, including energy efficiency. The development will comprise 106 new homes in the Cambridgeshire towns of March and Chatteris for both private buyers and housing association tenants. Expected completion is March 2007.
590 ## - LOCAL NOTE (RLIN)
Local note IKA190906
651 #4 - SUBJECT ADDED ENTRY--GEOGRAPHIC NAME
Geographic name United Kingdom
Chronological subdivision
651 #4 - SUBJECT ADDED ENTRY--GEOGRAPHIC NAME
Geographic name FENLAND
651 #4 - SUBJECT ADDED ENTRY--GEOGRAPHIC NAME
Geographic name MARCH
651 #4 - SUBJECT ADDED ENTRY--GEOGRAPHIC NAME
Geographic name CHATTERIS
690 ## - LOCAL SUBJECT ADDED ENTRY--TOPICAL TERM (OCLC, RLIN)
Topical term or geographic name as entry element PROPERTY-RESIDENTIAL PROPERTY-RESIDENTIAL PROPERTY DEVELOPMENT
856 40 - ELECTRONIC LOCATION AND ACCESS
Uniform Resource Identifier <a href="https://www.bre.co.uk/newsdetails.jsp?id=410">https://www.bre.co.uk/newsdetails.jsp?id=410</a>
Public note View the item free of charge at www.bre.co.uk...
942 ## - ADDED ENTRY ELEMENTS (KOHA)
Suppress in OPAC 0
Holdings
Withdrawn status Lost status Source of classification or shelving scheme Damaged status Not for loan Home library Current library Shelving location Date acquired Total Checkouts Full call number Barcode Date last seen Copy number Price effective from Koha item type
    Dewey Decimal Classification     Virtual Virtual Online 05/09/2006   ONLINE PUBLICATION 134841-1001 06/08/2019 1 06/08/2019 Journal article